| 000 | 01684cam a2200469 a 4500 | ||
|---|---|---|---|
| 001 | 21403 | ||
| 003 | VRT | ||
| 005 | 20260228143416.0 | ||
| 008 | 240611s1995 xo a bra 000 j slo | ||
| 015 | _aSNBA1996/0300694 | ||
| 020 | _a8071463493 | ||
| 035 | _aSNK000079901 | ||
| 035 | _aurn:nbn:sk:snk-amkenr | ||
| 035 | _aurn:nbn:sk:snk-am003uss | ||
| 035 | _aF5937799-FC63-4708-B9F3-96CF6FF17140 | ||
| 039 | 9 |
_a202406161045 _bcsnk01 _c202406161044 _dcsnk01 _c202406161027 _dcsnk01 _c202406161027 _dcsnk01 |
|
| 040 |
_aSNK _bslo _cSNK _eAACR2 |
||
| 041 | 1 |
_aslo _heng |
|
| 044 |
_axo _cSK |
||
| 080 |
_a820-3(087.5) _21981 |
||
| 100 | 1 |
_aGuile, Gill, _d1955- _4ill |
|
| 240 | 1 | 0 |
_aRead by yourself _lSovensky |
| 245 | 1 | 0 |
_aJa už viem čítať! _cilustroval Gill Guile ; text Terry Dinning ; preložila Katarína Bukovenová |
| 260 |
_aBratislava _bJunior _c1995 |
||
| 300 |
_a122 s. _bilustr. _c24 cm |
||
| 500 | _aIlustrácie na titulnej strane a frontispice | ||
| 500 | _aPreložené z angličtiny | ||
| 521 | 1 | _a6-7 rokov | |
| 655 | 7 |
_aanglické príbehy _2SNKPH |
|
| 655 | 7 |
_apríbehy pre deti _2SNKPH |
|
| 655 | 7 |
_aliteratúra pre deti _2SNKPH |
|
| 700 | 1 |
_aDinning, Terry _4aut |
|
| 700 | 1 |
_aBukovenová, Katarína _4trl |
|
| 911 |
_aKN 1996/03 _b00694 _c00755 |
||
| 942 |
_2ddc _cKLDE _n0 |
||
| 949 |
_617A1014234 _asnkSC 89818 _bsnkKSP 1066/96 _s6100:20140925 |
||
| 949 |
_9P60, <09>, [BOOK], {629} _asnkC 208 _bsnk431/960123 |
||
| 949 |
_617A0079263 _9P60, <05>, [BOOK], {605} _asnkSC 89818 D1 _bsnkKSP 1067/96 |
||
| 949 |
_6273K0198462 _asvkpoB 64270 _bsvkpo413266 _oPV 3824/95 |
||
| 999 |
_c21403 _d21403 |
||